Word Ladder: Can You Hear Me? Quiz Stats

 Plays Quiz Updated May 28, 2018

Score 0/36 Timer 04:00
1 Play Today
Clue 3-Letter Word % Correct
Golf ball holderTEE
94.8%
♪ Who ____ You ♪ ●ARE●
94.3%
Movie: O Brother, Where ____ Thou?ART
93.4%
♪ I ____ See for Miles ♪ ●CAN●
92.1%
LOTR actor: ____ McKellenIAN
90.8%
John Lennon's wife: Yoko ____ONO
89.7%
Friends actress Courteney ____COX
88.7%
Possessive feminine pronounHER
88.3%
HotelINN
87.7%
BeerALE
87%
Swindle, cheatCON
86.3%
Actress: ____ BasingerKIM
85.2%
Entire; total numberALL
84.5%
Kept out of sightHID
83.1%
♪ Won't ____ Fooled Again ♪ ●GET●
81.3%
Feel pain; feel illAIL
80.4%
Girl's name meaning graceANN
79.6%
Quick greetingsHIS
78.4%
Clue 3-Letter Word % Correct
♪ A Quick ____, While [rung 23] + Away ♪ ●ONE●
77.9%
Direct toward a pointAIM
77.8%
One in ScotlandANE
77.5%
Spanish interjectionOLÉ
77%
Horse's right turnGEE
76.5%
♪ A Quick [rung 33], + While ____ Away ♪ ●HE'S●
75.6%
Expression of surpriseOHO
74.8%
♪ Slip ____●KID●
74.7%
♪ Squeeze ____●BOX●
73.8%
♪ You Better You ____●BET●
70.5%
♪ Reign ____ Me ♪ ●O'ER●
70.3%
Hockey great: Bobby ____ORR
70%
♪♪ Iconic rock band: ____ + [last rung] ♪♪ ●●THE●●
68.2%
Scrap; bitORT
66.6%
On the contraryBUT
65.1%
♪♪ Iconic rock band: [first rung] + ____ ♪♪ ●●WHO●●
62.6%
Derek and Svenson, e.g.BOS
54.6%
♪ Magic ____●BUS●
52.2%

Today's Daily Dose

Missing Word
New England Movies

Word Ladder
Royal Titles

Get the Picture
Big 4 'B' All-Stars

You're not logged in!

Compare scores with friends on all Sporcle quizzes.
OR
Log In

You Might Also Like...

Show Comments

Extras

Top Quizzes Today


Score Distribution

Your Account Isn't Verified!

In order to create a playlist on Sporcle, you need to verify the email address you used during registration. Go to your Sporcle Settings to finish the process.

Report this User

Report this user for behavior that violates our Community Guidelines.

Details: